LEADER 01064nam a2200217 i 4500 001 000000153257 003 CaOOAMICUS 005 20060918000000.0 008 060918s1942 it u000 u ita u 013 $a130598 040 $aSeMil$bita 100 1 $aSorrento, Luigi,$d<1884-1953>.$0(OLS)http://semarc/name/6575 245 10$aStampe popolari e libri figurati del rinascimento lombardo :$bmostra al castello sforzesco 1942 - XX /$cIstituto Nazionale di Studi sul Rinascimento Sezione Lombarda ; Luigi Sorrento. 260 $aMilano :$bL'arte,$c1942. 300 $a251 p. :$bill. ;$c25 cm. 500 $aContiene : Bibliografia. 700 1 $aIstituto nazionale di studi sul Rinascimento : Sezione lombarda.$0(OLS)http://semarc/name/8423 850 $aSeMil 852 $aSeMil$W1$xVenegono$y1$m5L VI 2$j105199$B105199$CSeMilBibl$Z2$F114433 $81 996 $6245$aStampe popolari e libri figurati del rinascimento lombardo :$bmostra al castello sforzesco 1942 - XX$9(OLS)http://semarc/title/224171 996 $6260$aMilano :$bL'arte$9(OLS)http://semarc/publisher/48063 LEADER 01080nam a2200289 i 4500 001 000000121530 003 CaOOAMICUS 005 20031223000000.0 008 031223s1990 it u000 u ita u 013 $a94225 020 $a88-18-30027-X 040 $aSeMil$bita 100 0 $aTeresa : di Calcutta,$c.$0(OLS)http://semarc/name/32720 245 13$aLa mia vita /$cMadre Teresa di Calcutta. 260 $aMilano :$bRusconi,$c1990. 300 $a202 p., [8] p. di tav. ;$c22 cm. 500 $aFondo Card. C.M. Martini. 600 04$aTeresa : di Calcutta .$0(OLS)http://semarc/subject/6939 850 $aSeMil 852 $aSeMil$W1$xVenegono$y1$m3H III 530$j248546$B76600$CSeMilBibl$Z2$F78476 $81 900 1 $aMadre Teresa. 941 1 $a4 961 $aOmaggio: Martini Card. Carlo Maria 996 $6020$a88-18-30027-X$9(OLS)http://semarc/number/75828 996 $6245$aLa mia vita$9(OLS)http://semarc/title/25890 996 $6260$aMilano :$bRusconi$9(OLS)http://semarc/publisher/30258